Sex discrimination and the law: causes and remedies

Uloženo v:
Podrobná bibliografie
Hlavní autor: Babcock, Barbara Allen (Autor)
Médium: Kniha
Jazyk:angličtina
Vydáno: Boston Little, Brown 1975
Témata:
Tagy: Přidat tag
Žádné tagy, Buďte první, kdo vytvoří štítek k tomuto záznamu!

MARC

LEADER 00000nam a2200000 a 4500
001 UCV0842
003 CL-VaPUC
008 890515e19750000US |||||||||||||||||eng|d
082 0 4 |a 340.08  |b BAB  |2 21 
100 0 |a Babcock, Barbara Allen  |e author  |9 295166 
245 1 0 |a Sex discrimination and the law: causes and remedies 
300 |a 1092 p 
942 |c BK 
945 |d 19890515 00:00:00 
260 |a Boston  |b Little, Brown  |c 1975 
650 0 |a Jurisprudencia civil  |9 255095 
650 0 |a Mujer  |9 255613 
650 0 |a Derecho y legislación   |9 255077 
650 0 |a Homosexualidad  |9 255614 
651 0 |a Estados Unidos  |9 255178 
583 |a last modification  |c 19890515 00:00:00  |k Rodrigo Vera 
999 |c 209036  |d 209034 
952 |0 0  |1 0  |4 0  |6 340_080000000000000_BAB_1975  |7 0  |8 A  |9 184139  |a BIBDER  |b BIBDER  |d 2019-11-14  |i 251298K  |o 340.08 BAB 1975  |p 251298K  |r 2023-01-25  |w 2019-11-14  |y BK  |k DER